000 00610nam a2200229Ia 4500
003 OSt
005 20220924115259.0
006 a|||||r|||| 00| 0
007 ta
008 220923b |||||||| |||| 00| 0 urd d
024 _a316263
037 _cTextual
040 _aARTS
_cARTS
_burd
041 _2urd
_aurd
082 _aO168,1NSH41x, N1
100 _aShifa Ansari
_9177543
245 0 _aShahar-e-Rahat
260 _aDelhi
_bAnjuman Taraqqi Urdu India
_c1991
650 _aURDU POETRY
942 _hO168,1NSH41x, N1
_cTEXL
_2CC
999 _c397591
_d397591